00409 a2200169 4500001000700000020000600007040001100013100001900024240002000043245001500063362000900078440001200087697001200099942000700111952010200118999001900220172438 a  cMagnum aBarbot, Daniel10aDente molelpor10aDente mole0 a1899 1aÁtica aI/GERAL cBK 00104070a32.5b32.5d2024-06-08l0oLI.00185pMAG00019073r2024-06-08 20:45:29w2024-06-08yBK c172438d172438